00728nam a2200169 i 4500001000700000003000900007005001700016008004100033080001300074100003500087245015600122260006100278300002100339500001900360700002400379852015500403173003ES-MaACL20251123063309.0091005s1854 sp |||| | spa d a78.089.1 aCarreras y González, Mariano13aEl trompeta del archiduque b: zarzuela en un acto / carreglada al teatro español por Mariano Carreras y González ; música de Javier Gaztambide. aMadrid : b[s.n.], c1854 (fImp. de José Rodríguez) a32 p. ; c18 cm. aSolo la letra.1 aGaztambide, Javier. aES-MaACLjF-8602(8) q.- Falto de la cub. original z.- Enc. en un vol. facticio formando parte de la col. facticia "Teatro español moderno" vol. 55